000 02078cam a22002771i 4500
003 SA-RiAUC
005 20250414073633.0
008 250414s1981 le g d 00010 ara c
040 _aSA-RiAUC
_bara
_cSA-RiAUC
_erda
082 0 4 _a330.12103
_qSA-RiAUC
090 _a330.12103
_b ش ر ب
100 1 _aالشرباصي، أحمد عبده،
_d1899-1984
_eمؤلف.
245 1 2 _aالمعجم الاقتصادي الإسلامي /
_cأحمد الشرباصي.
250 _aالطبعة الأولى.
264 1 _aبيروت :
_bدار الجيل :
_bمكتبة لبنان،
_c1981
300 _a499 صفحة ؛
_c24 سم
336 _aنص
_btxt
_2rdacontent
_3كتاب
337 _aبدون وسيط
_bn
_2rdamedia
338 _aمجلد
_bnc
_2rdacarrier
650 7 _aالاقتصاد الإسلامي
_vمعاجم
_2aucsh
856 _uhttp://saaid.net/book/open.php?cat=102&book=7465
_yExternal Link
_2 نرجو الانتباه لإمكانية وجود اختلاف في الطبعة أو الناشر بين البيانات على البوابة وما ستجده على الكتاب نظرا لمحدودية المعلومات المتاحة على الموقع الناشر للمادة.
_3Please note that there may be a difference in the edition or publisher between the data on the portal and the book due to the limited information available on the publisher website for the material.
856 _uhttp://saaid.net/book/14/6094.rar
_yDigital Copy
_2 نرجو الانتباه لإمكانية وجود اختلاف في الطبعة أو الناشر بين البيانات على البوابة وما ستجده على الكتاب نظرا لمحدودية المعلومات المتاحة على الموقع الناشر للمادة.
_3Please note that there may be a difference in the edition or publisher between the data on the portal and the book due to the limited information available on the publisher website for the material.
942 _2ddc
_cBOOK
_n0
949 _aSA-JeALM
_d250414
_umohamedma123
_n1
999 _c6998
_d6998